Sports Quiz

Random Sports Quiz

Devils' All-Rookie Team Selections Quiz Stats

Quiz not verified by Sporcle

Also try: Sports Facts
Challenge
Share
Tweet
Embed
Score 0/9 Timer 03:00
0 Plays Today
Year Player % Correct
1993-94Martin Brodeur
95.2%
1997-98Patrik Elias
85.7%
1992-93Scott Niedermayer
76.2%
1999-2000Scott Gomez
76.2%
1999-2000Brian Rafalski
73.8%
2000-01Colin White
66.7%
1995-96Petr Sykora
52.4%
1990-91Eric Weinrich
14.3%
1991-92Kevin Todd
7.1%

You're not logged in!

Compare scores with friends on all Sporcle quizzes.
Sign Up with Email
OR
Log In

You Might Also Like...

Show Comments

Extras

Top Quizzes Today


Score Distribution

Your Account Isn't Verified!

In order to create a playlist on Sporcle, you need to verify the email address you used during registration. Go to your Sporcle Settings to finish the process.

Report this User

Report this user for behavior that violates our Community Guidelines.

Details: